| 000 | 00556nam a22001937a 4500 | ||
|---|---|---|---|
| 005 | 20250811160026.0 | ||
| 010 | _aENG-146451 | ||
| 020 |
_c800.00 _a9789393734020 |
||
| 035 | _aEN-129983 | ||
| 037 | _bDBAD | ||
| 082 | _a888.88 | ||
| 100 |
_aSimpson, James F. _984059 |
||
| 245 |
_aThrough: _bA Yong Boy's Eyes/ _cJames F. Simpson |
||
| 250 | _a1 | ||
| 260 |
_aKolkata _bExceller Books _c2022 |
||
| 270 |
_aG1 Dream Apartment, Degree College Road _b Belgharia,Kolkata |
||
| 300 |
_a170p. _c22cm(pb) |
||
| 942 |
_2ddc _cEN _mSIM _h888.88 |
||
| 999 |
_c213001 _d213001 |
||